000 00526nam a2200169 i 4500
001 34126
003 ES-MaACL
005 20230906154859.0
007 t|
008 030204s1913 fr ||||1| fre d
100 1 _aBoeuf, Henri.
_929760
245 1 0 _aRésumé de droit administratif /
_cpar H. Boeuf.
250 _a22eme ed., entierement refondue mise an courant de la legislation.
260 _aParis :
_bs.n.,
_c1913] (
_eBar-le-Duc :
_fContant Laguerre)
300 _aVIII, 608 p. ;
_c19 cm.
852 _aES-MaACL
_jF-8867
999 _c34126
_d34126